<?xml version="1.0" encoding="UTF-8"?>
<resp>
  <nextPage>https://data.bn.org.pl/api/networks/bibs.marcxml?marc=001+b0000005638904&amp;sinceId=5638905</nextPage>
  <collection>
    <record xmlns='http://www.loc.gov/MARC21/slim'><leader>02356nam a2200637 i 4500</leader><controlfield tag='001'>b0000005638904</controlfield><controlfield tag='005'>20241203214050.7</controlfield><controlfield tag='008'>170710s1737    pl           |000 0 lat  </controlfield><controlfield tag='009'>9910374458005606</controlfield><datafield ind1=' ' ind2=' ' tag='026'><subfield code='a'>e-o- s,ux</subfield><subfield code='b'>l-us cist (3)</subfield><subfield code='c'>1737 (A)</subfield><subfield code='5'>WA N</subfield></datafield><datafield ind1=' ' ind2=' ' tag='035'><subfield code='a'>991012161329705066</subfield></datafield><datafield ind1=' ' ind2=' ' tag='035'><subfield code='a'>(PL-WaBN)b56389048-48omnis_nlop</subfield></datafield><datafield ind1=' ' ind2=' ' tag='035'><subfield code='a'>b56389048</subfield></datafield><datafield ind1=' ' ind2=' ' tag='035'><subfield code='a'>(OCoLC)946450740</subfield></datafield><datafield ind1=' ' ind2=' ' tag='035'><subfield code='a'>(PL)b0000005638904</subfield></datafield><datafield ind1=' ' ind2=' ' tag='040'><subfield code='a'>WA N</subfield><subfield code='c'>WA N</subfield><subfield code='d'>WA N</subfield></datafield><datafield ind1='2' ind2=' ' tag='045'><subfield code='b'>d1601</subfield><subfield code='b'>d1643</subfield></datafield><datafield ind1=' ' ind2=' ' tag='046'><subfield code='k'>1737</subfield></datafield><datafield ind1='1' ind2=' ' tag='100'><subfield code='a'>Petiot, Étienne</subfield><subfield code='d'>(1603-1675)</subfield><subfield code='e'>Autor</subfield></datafield><datafield ind1='1' ind2='0' tag='245'><subfield code='a'>Stephani Petiot Societatis Jesu Panegyrici duo :</subfield><subfield code='b'>Alter de rupella expugnata, alter de Delphino.</subfield></datafield><datafield ind1='3' ind2=' ' tag='246'><subfield code='a'>Panegyrici duo: alter de rupella expugnata, alter de delphino</subfield></datafield><datafield ind1=' ' ind2=' ' tag='260'><subfield code='a'>Posnaniae :</subfield><subfield code='b'>Typis Clari Collegii Societtais Jesu,</subfield><subfield code='c'>1737.</subfield></datafield><datafield ind1=' ' ind2=' ' tag='300'><subfield code='a'>[1] karta, 77 stron ;</subfield><subfield code='c'>8°.</subfield></datafield><datafield ind1=' ' ind2=' ' tag='336'><subfield code='a'>Tekst</subfield><subfield code='b'>txt</subfield><subfield code='2'>rdacontent</subfield></datafield><datafield ind1=' ' ind2=' ' tag='337'><subfield code='a'>Bez urządzenia pośredniczącego</subfield><subfield code='b'>n</subfield><subfield code='2'>rdamedia</subfield></datafield><datafield ind1=' ' ind2=' ' tag='338'><subfield code='a'>Wolumin</subfield><subfield code='b'>nc</subfield><subfield code='2'>rdacarrier</subfield></datafield><datafield ind1=' ' ind2=' ' tag='380'><subfield code='a'>Książki</subfield></datafield><datafield ind1=' ' ind2=' ' tag='380'><subfield code='a'>Proza</subfield></datafield><datafield ind1=' ' ind2=' ' tag='380'><subfield code='a'>Starodruki</subfield></datafield><datafield ind1=' ' ind2=' ' tag='386'><subfield code='m'>Przynależność kulturowa</subfield><subfield code='a'>Literatura polska</subfield></datafield><datafield ind1='1' ind2=' ' tag='388'><subfield code='a'>1701-1800</subfield></datafield><datafield ind1='2' ind2=' ' tag='505'><subfield code='a'>Panegyricus Ludovico XIII dictus ; Genethliacus Delphino.</subfield></datafield><datafield ind1='4' ind2=' ' tag='510'><subfield code='a'>Estr. XV-XVIII,</subfield><subfield code='c'>XXIV, 201-202.</subfield></datafield><datafield ind1='0' ind2='7' tag='600'><subfield code='a'>Ludwik</subfield><subfield code='b'>XIII</subfield><subfield code='c'>(król Francji ;</subfield><subfield code='d'>1601-1643)</subfield><subfield code='2'>DBN</subfield></datafield><datafield ind1=' ' ind2='7' tag='655'><subfield code='a'>Panegiryk</subfield><subfield code='2'>DBN</subfield></datafield><datafield ind1='1' ind2='2' tag='700'><subfield code='a'>Petiot, Étienne</subfield><subfield code='d'>(1603-1675).</subfield><subfield code='t'>Genethliacus Delphino</subfield></datafield><datafield ind1='2' ind2=' ' tag='710'><subfield code='a'>Drukarnia Jezuitów (Poznań)</subfield><subfield code='e'>Druk</subfield></datafield><datafield ind1=' ' ind2=' ' tag='752'><subfield code='a'>Polska</subfield><subfield code='d'>Poznań.</subfield></datafield><datafield ind1=' ' ind2=' ' tag='852'><subfield code='b'>48OMNIS_NLOP</subfield><subfield code='8'>991012161329705066</subfield></datafield><datafield ind1=' ' ind2=' ' tag='852'><subfield code='8'>22464633520005066</subfield><subfield code='j'>1</subfield><subfield code='h'>SD W.1.1863</subfield><subfield code='b'>BN_PL</subfield><subfield code='p'>777i54644525</subfield><subfield code='c'>bstdr</subfield></datafield><datafield ind1=' ' ind2=' ' tag='852'><subfield code='b'>48OMNIS_NETWORK</subfield><subfield code='8'>9910374458005606</subfield></datafield><datafield ind1=' ' ind2=' ' tag='950'><subfield code='u'>https://eu05.alma.exlibrisgroup.com/view/uresolver/48OMNIS_NETWORK/openurl?u.ignore_date_coverage=true&amp;portfolio_pid=53714124890005066&amp;Force_direct=true</subfield><subfield code='z'>Zobacz w Polonie: egzemplarz SD W.1.1863</subfield><subfield code='8'>53714124890005066</subfield></datafield></record>
  </collection>
</resp>
